| 000 | 00899nas a2200289 4500 | ||
|---|---|---|---|
| 001 | BR0303199 | ||
| 003 | BR-BrBNA | ||
| 005 | 20231205103905.0 | ||
| 007 | ta | ||
| 008 | 230509b bl.|||p| |||| 00| 00por d | ||
| 040 |
_aBR-BrBNA _bpor _cBiblioteca Nacional de Agricultura |
||
| 041 | _a(Pt) | ||
| 072 | _aF60 | ||
| 100 | 1 | _aLacerda, C.F. de | |
| 100 | 1 | _aOliveira, H. de P.M. de | |
| 100 | 1 | _aOliveira, T.S. de | |
| 100 | 1 | _aGomes Filho, E. | |
| 245 | 1 | _aCrescimento e acúmulo de íons em folhas de sorgo forrageiro submetido a soluções iso-osmóticas de sais (NaCl + KCl) | |
| 650 | _aSORGO FORRAGEIRO | ||
| 650 | _aCRESCIMENTO | ||
| 650 | _aFOLHA | ||
| 650 | _aSALINIDADE | ||
| 650 | _aVARIEDADE RESISTENTE | ||
| 773 | 0 |
_tCiência Agronômica (Brazil) _xISSN 0045-6888 _g(2003), v. 34(1) p. 7-12 _wBR0303199 |
|
| 909 |
_a202311 _bLúcia _c55 _dLúcia Elande |
||
| 942 |
_2AGRIS _n0 _cANA |
||
| 999 |
_c175283 _d175283 |
||